Bariéra Einsteinova

Enregistré dans:
Détails bibliographiques
Auteur principal: Bedleková, Martina (Auteur)
Autres auteurs: Šebo, Tomáš (Directeur de thèse)
Format: Manuscrit Livre
Langue:slovaque
Publié: 2025
Sujets:
Accès en ligne:http://is.stuba.sk/zp/portal_zp.pl?podrobnosti=185745
Tags: Ajouter un tag
Pas de tags, Soyez le premier à ajouter un tag!

MARC

LEADER 00000ntm a22000003a 4500
001 stuzp104650
003 SK-STU
005 20250607210658.7
007 ta
008 150427s2015----xo-----f-mn---000-0-slo-d
040 |a STU  |b slo 
041 0 |a slo 
100 1 |a Bedleková, Martina  |u 051110  |4 aut  |U FAD Fakulta architektúry a dizajnu  |T FAD Ústav architektúry obytných budov  |X 103736  |U A1110  |Y 392  |7 103736 
242 0 1 |a Barrier Einsteinova  |y eng 
245 1 0 |a Bariéra Einsteinova 
260 |c 2025 
650 4 |a sustainable development  |2 eng 
650 4 |a urban connections  |2 eng 
650 4 |a multifunctional spaces  |2 eng 
650 4 |a flexible architecture  |2 eng 
650 4 |a transportation barrier  |2 eng 
650 4 |a udržateľný rozvoj  |2 slo 
650 4 |a mestské prepojenia  |2 slo 
650 4 |a multifunkčný priestor  |2 slo 
650 4 |a flexibilná architektúra  |2 slo 
650 4 |a dopravná bariéra  |2 slo 
700 1 |a Šebo, Tomáš  |4 ths  |X 79065  |7 79065 
856 4 |u http://is.stuba.sk/zp/portal_zp.pl?podrobnosti=185745